|
|
|
|
| LEADER |
00000nas a2200000 a 4500 |
| 001 |
ssj0000580387 |
| 003 |
WaSeSS |
| 005 |
20200512172242.0 |
| 006 |
m d |
| 007 |
cr n |
| 008 |
110419c20109999enktr ss 1 a0eng c |
| 010 |
|
|
|a 2012233149
|
| 015 |
|
|
|a GBB135485
|2 bnb
|
| 015 |
|
|
|a GBB2B8195
|2 bnb
|
| 016 |
7 |
|
|a 2606828-X
|2 DE-600
|
| 016 |
7 |
|
|a 014925584
|2 Uk
|
| 016 |
7 |
|
|a 014925591
|2 Uk
|
| 022 |
|
|
|a 2040-4719
|l 2040-4700
|y 2040-4700
|
| 035 |
|
|
|a (WaSeSS)ssj0000580387
|
| 040 |
|
|
|a UV0
|b eng
|c UV0
|d HEBIS
|d GUA
|d AU@
|d TXA
|d OCLCO
|d AUD
|d OCLCQ
|d OCLCO
|d OCLCF
|d OCLCO
|d OCLCQ
|d NLE
|d UKMGB
|d VT2
|d OCLCQ
|d WaSeSS
|
| 042 |
|
|
|a pcc
|
| 050 |
1 |
4 |
|a SF5
|
| 210 |
1 |
|
|a Adv. anim. biosci.
|b (Online)
|
| 222 |
|
0 |
|a Advances in animal biosciences
|b (Online)
|
| 245 |
0 |
0 |
|a Advances in animal biosciences
|h [electronic resource].
|
| 260 |
|
|
|a Cambridge :
|b Cambridge University Press
|
| 310 |
|
|
|a Three issues yearly
|
| 362 |
1 |
|
|a Began with vol. 1, no. 1 (Apr. 2010).
|
| 506 |
|
|
|a License restrictions may limit access.
|
| 538 |
|
|
|a Mode of access: World Wide Web.
|
| 588 |
|
|
|a Description based on: Vol. 1, no. 2 (Nov. 2010); title from title screen (Cambridge journals Web site, viewed Apr. 20, 2011).
|
| 588 |
|
|
|a Latest issue consulted: Vol. 2, no. 1 (Apr. 2011) (viewed Feb. 29, 2012).
|
| 650 |
|
0 |
|a Animal nutrition
|v Periodicals.
|
| 650 |
|
0 |
|a Animal breeding
|v Periodicals.
|
| 650 |
|
0 |
|a Animal genetics
|v Periodicals.
|
| 650 |
|
0 |
|a Animal biotechnology
|v Periodicals.
|
| 650 |
|
0 |
|a Environmental sciences
|v Periodicals.
|
| 650 |
|
7 |
|a Animal biotechnology.
|2 fast
|0 (OCoLC)fst00809103
|
| 650 |
|
7 |
|a Animal breeding.
|2 fast
|0 (OCoLC)fst00809106
|
| 650 |
|
7 |
|a Animal genetics.
|2 fast
|0 (OCoLC)fst00809196
|
| 650 |
|
7 |
|a Animal nutrition.
|2 fast
|0 (OCoLC)fst00809306
|
| 650 |
|
7 |
|a Environmental sciences.
|2 fast
|0 (OCoLC)fst00913474
|
| 655 |
|
0 |
|a Electronic journals.
|
| 710 |
2 |
|
|a British Society of Animal Science.
|
| 776 |
0 |
8 |
|i Print version:
|t Advances in animal biosciences
|x 2040-4700
|w (DLC) 2012220001
|w (OCoLC)751846770
|
| 780 |
0 |
5 |
|a British Society of Animal Science. Meeting.
|s Proceedings of the British Society of Animal Science (Online)
|w (OCoLC)524517169
|
| 856 |
4 |
0 |
|z Full text available from Research Library: 04/01/2010 to 1 year ago
|u https://search.proquest.com/publication/1586365
|